00555nam a2200157Ia 4500008004100000100002100041245006600062245004700128260004900175260000900224300001100233650001300244856004800257999001900305952007300324170221s9999 xx 000 0 und d aForrest Thompson aPerformance of HBCUs on the CPA examination for the year 2012 cForrest Thompson, Albany State University. bJournal of Management and Marketing Research c2014 a14 : 1 xBusiness uhttp://www.aabri.com/manuscripts/121427.pdf c311572d311572 001040aCLbCLd2017-02-21l0r2017-02-21 00:00:00w2017-02-21yFOJ